Biology resources in the electronic age

Guardat en:
Dades bibliogràfiques
Autor principal: Bazler, Judith A (Autor)
Format: Llibre
Idioma:anglès
Publicat: Westport Greenwodd Press 2003
Edició:1a. ed
Col·lecció:Science Resources in the Electronic Age
Matèries:
Etiquetes: Afegir etiqueta
Sense etiquetes, Sigues el primer a etiquetar aquest registre!

MARC

LEADER 00000cam a2200000 a 4500
001 UCG9122
003 CL-VaPUC
008 120120e20030000US |||||||||||||||||eng|d
020 |a 1573563803 
082 0 4 |a 025.0657  |b BAZ  |2 21 
100 0 |a Bazler, Judith A  |e author  |9 560524 
245 1 0 |a Biology resources in the electronic age 
250 |a 1a. ed 
300 |a 286 p 
942 |c BK 
945 |d 20120120 00:00:00  |a dcastane 
260 |a Westport  |b Greenwodd Press  |c 2003 
650 0 |a Biología  |9 262022 
650 7 |a RECURSOS ELECTRONICOS  |2 CL-VaPUC  |9 560525 
650 7 |a INNOVACIONES TECNOLOGICAS  |2 CL-VaPUC  |9 560526 
583 |a last modification  |c 20160921 09:49:13  |k Rodrigo Vera 
490 0 |a Science Resources in the Electronic Age 
999 |c 346690  |d 346688 
952 |0 0  |1 0  |4 0  |6 025_065700000000000_BAZ_2003  |7 0  |8 A  |9 447493  |a BIBCUR  |b BIBCUR  |d 2019-11-22  |i 4025598  |o 025.0657 BAZ 2003  |p 4025598  |r 2025-04-22  |w 2019-11-22  |y BK  |k BCB